• 首页
  • 本馆介绍
  • 公告通知
  • 最新文献
  • 馆藏检索
  • 电子资源
  • 读者导购
  • 参考咨询
  • 我的图书馆
  • 登录
  • 详细信息显示
  • 放入我的书架
  • 预约/预借图书
  • 作者相关作品
  • 分类相关作品
  • 丛书相关作品
  • 出版社相关作品

书目信息

  • 表格格式
  • 工作单格式
  • 卡片格式
题名:
中国历史大事编年
    
 
作者: 张绍勋 , 张习孔 , 朱学西 编著
分册: 第1卷   远古—东汉
出版信息: 北京   北京出版社  1987
页数: 723页
开本: 20cm
丛书名:
单 册:
中图分类: K208
科图分类:
主题词: 中国--通史--历史年表
电子资源:
ISBN: 7-200-00048-5
000 00706nam0 2200241 45
001 0187008390
005 20050420083818.2
010    @a7-200-00048-5@dCNY4.70
100    @a19900830d1987 em y0chiy0121 ea
101 0  @achi
102    @aCN@b110000
105    @ak z 000yy
200 10 @a中国历史大事编年@Azhong guo li shi da shi bian nian@h第1卷@i远古—东汉@f朱学西等编著@FZhu Xue Xi Deng Bian Zhu
210    @a北京@c北京出版社@d1987
215    @a723页@c表@d20cm
606    @a中国@x通史@x历史年表
690    @aK208@v3
701  0 @a张绍勋@4编著
701  0 @a张习孔@4编著
701  0 @a朱学西@4编著
801  0 @aCN@b深圳图书馆@c20040505
801  2 @aCN@bNLC@c20040505
905    @dK208@e12:1@b209286@f1
    
    中国历史大事编年.第1卷.远古—东汉/朱学西等编著.-北京:北京出版社,1987
    723页:表;20cm
    
    
    ISBN 7-200-00048-5:CNY4.70
    
●
相关链接 在E读中查询图书 在五车中查询图书 在当当中查询图书 在豆瓣中查询图书


正题名:中国历史大事编年     索取号:K208/12:1         预约/预借

序号 登录号 条形码 馆藏地/架位号 状态 备注
1 0209283   001277932   密集书库/ [索取号:K208/12:1] 在馆    
2 0209284   001277950   密集书库/ [索取号:K208/12:1] 在馆    
3 0209285   001277905   密集书库/ [索取号:K208/12:1] 在馆    
4 0209286   001988647   第二借阅区/ [索取号:K208/12:1] 在馆    
5 0209287   001278110   密集书库/ [索取号:K208/12:1] 在馆    
唐山师范学院图书馆 欢迎您!
大连网信软件有限公司© 版权所有